|
|
|
|
| LEADER |
03147nam a2200505 4500 |
| 001 |
978-3-030-03919-6 |
| 003 |
DE-He213 |
| 005 |
20191023222555.0 |
| 007 |
cr nn 008mamaa |
| 008 |
190131s2019 gw | s |||| 0|eng d |
| 020 |
|
|
|a 9783030039196
|9 978-3-030-03919-6
|
| 024 |
7 |
|
|a 10.1007/978-3-030-03919-6
|2 doi
|
| 040 |
|
|
|d GrThAP
|
| 050 |
|
4 |
|a TR1-1050
|
| 072 |
|
7 |
|a AJ
|2 bicssc
|
| 072 |
|
7 |
|a PHO000000
|2 bisacsh
|
| 072 |
|
7 |
|a AJ
|2 thema
|
| 082 |
0 |
4 |
|a 770
|2 23
|
| 100 |
1 |
|
|a Brogden, Jim.
|e author.
|4 aut
|4 http://id.loc.gov/vocabulary/relators/aut
|
| 245 |
1 |
0 |
|a Photography and the Non-Place
|h [electronic resource] :
|b The Cultural Erasure of the City /
|c by Jim Brogden.
|
| 250 |
|
|
|a 1st ed. 2019.
|
| 264 |
|
1 |
|a Cham :
|b Springer International Publishing :
|b Imprint: Palgrave Macmillan,
|c 2019.
|
| 300 |
|
|
|a XX, 218 p. 37 illus., 28 illus. in color.
|b online resource.
|
| 336 |
|
|
|a text
|b txt
|2 rdacontent
|
| 337 |
|
|
|a computer
|b c
|2 rdamedia
|
| 338 |
|
|
|a online resource
|b cr
|2 rdacarrier
|
| 347 |
|
|
|a text file
|b PDF
|2 rda
|
| 505 |
0 |
|
|a 1. Introduction -- 2. Walking as a Decisive Moment -- 3. Representations of the Urban Landscape -- 4. Anthropological Encounters in Non-Place -- 5. The Valedictory Landscape.
|
| 520 |
|
|
|a This book presents a critical and aesthetic defence of "non-place" as an act of cultural reclamation. Through the restorative properties of photography, it re-conceptualises the cultural significance of non-place. The non-place is often referred to as "wasteland", and is usually avoided. The sites investigated in this book are located where access and ownership are often ambiguous or in dispute; they are places of cultural forgetting. Drawing on the author's own photographic research-led practice, as well as material from photographers such as Ed Ruscha, Joel Sternfeld and Richard Misrach, this study employs a deliberately allusive intertexuality to offer a unique insight into the contested notions surrounding landscape representation. Ultimately, it argues that the non-place has the potential to reveal a version of England that raises questions about identity, loss, memory, landscape valorisation, and, perhaps most importantly, how we are to arrive at a more meaningful place. .
|
| 650 |
|
0 |
|a Photography.
|
| 650 |
|
0 |
|a Urban planning.
|
| 650 |
|
0 |
|a City planning.
|
| 650 |
|
0 |
|a Architecture.
|
| 650 |
|
0 |
|a Historiography.
|
| 650 |
1 |
4 |
|a Photography.
|0 http://scigraph.springernature.com/things/product-market-codes/418000
|
| 650 |
2 |
4 |
|a Urbanism.
|0 http://scigraph.springernature.com/things/product-market-codes/K18006
|
| 650 |
2 |
4 |
|a Architectural History and Theory.
|0 http://scigraph.springernature.com/things/product-market-codes/K12008
|
| 650 |
2 |
4 |
|a Memory Studies.
|0 http://scigraph.springernature.com/things/product-market-codes/711010
|
| 710 |
2 |
|
|a SpringerLink (Online service)
|
| 773 |
0 |
|
|t Springer eBooks
|
| 776 |
0 |
8 |
|i Printed edition:
|z 9783030039189
|
| 776 |
0 |
8 |
|i Printed edition:
|z 9783030039202
|
| 856 |
4 |
0 |
|u https://doi.org/10.1007/978-3-030-03919-6
|z Full Text via HEAL-Link
|
| 912 |
|
|
|a ZDB-2-LCM
|
| 950 |
|
|
|a Literature, Cultural and Media Studies (Springer-41173)
|